Science et christ

Saved in:
Bibliographic Details
Main Author: Teilhard de Chardin, Pierre
Format: Book
Language:Undetermined
Published: París, Francia Du Seuil 1965
Edition:6
Subjects:
Tags: Add Tag
No Tags, Be the first to tag this record!

MARC

LEADER 00000nam a2200000Ia 4500
008 170316s9999 xx 000 0 und d
090 |a 100 T-4s 
100 |a Teilhard de Chardin, Pierre 
245 |a Science et christ 
250 |a 6 
260 |a París, Francia 
260 |b Du Seuil 
260 |c 1965 
300 |a 293 páginas 
650 |a FILOSOFÍA 
999 |c 17798  |d 17798 
040 |a cru BVZT 
942 |c 15 D  |h 100 T-4s  |2 z